Un'estrosa Pazzia

Guardado en:
Detalles Bibliográficos
Autor principal: Patty Duke & Gloria Hochman
Formato: Libro
Lenguaje:lengua desconocida
Publicado: Longanesi& C.
Etiquetas: Agregar Etiqueta
Sin Etiquetas, Sea el primero en etiquetar este registro!

MARC

LEADER 00000nam a2200000Ia 4500
001 R-1313
003 CODICE-MESSINA
005 20260212102505.0
008 260211s9999 xx 000 0 und d
040 |c importazione_messina 
100 |a Patty Duke & Gloria Hochman 
245 0 |a Un'estrosa Pazzia 
260 |b Longanesi& C. 
942 |2 ddc  |c BK 
952 |0 0  |1 0  |2 ddc  |4 0  |6 SCAFFALE_12_000000000000000__ROMANZI  |7 0  |9 32146  |a ME  |b ME  |d 2026-02-11  |l 0  |o SCAFFALE 12 - ROMANZI  |p R-1313  |r 2026-02-11 23:52:59  |w 2026-02-11  |x [REVISIONARE]  |y BK 
999 |c 27813  |d 27813